Анализ систем пожарной безопасности в ДОУ; Прогрессивные технологии и экономика в машиностроении
| Parent link: | Прогрессивные технологии и экономика в машиностроении.— 2024.— С. 86-89 |
|---|---|
| Glavni autor: | |
| Autor kompanije: | |
| Daljnji autori: | |
| Sažetak: | В исследовательской работе произведена оценка различных аспектов в системе пожарной безопасности в дошкольных учреждениях, а также проверка уже существующих мероприятий по обеспечению пожарной безопасности. Были рассмотрены проблемы, которые могут возникнуть в данной области, а также предложения для их улучшения The research paper evaluates various aspects of the fire safety system in preschool institutions, as well as checks existing measures to ensure fire safety. The problems that may arise in this area were considered, as well as suggestions for their improvement Текстовый файл |
| Jezik: | ruski |
| Izdano: |
2024
|
| Serija: | Экология, безопасность и охрана труда на предприятии |
| Teme: | |
| Online pristup: | http://earchive.tpu.ru/handle/11683/80246 |
| Format: | Elektronički Poglavlje knjige |
| KOHA link: | https://koha.lib.tpu.ru/cgi-bin/koha/opac-detail.pl?biblionumber=673034 |
MARC
| LEADER | 00000naa2a2200000 4500 | ||
|---|---|---|---|
| 001 | 673034 | ||
| 005 | 20240723101629.0 | ||
| 090 | |a 673034 | ||
| 100 | |a 20240613d2024 k||y0rusy50 ca | ||
| 101 | 0 | |a rus | |
| 102 | |a RU | ||
| 135 | |a drcn ---uucaa | ||
| 200 | 1 | |a Анализ систем пожарной безопасности в ДОУ |f А. С. Воробьева |g науч. рук. Н. Ю. Луговцова ; Национальный исследовательский Томский политехнический университет | |
| 225 | 1 | |a Экология, безопасность и охрана труда на предприятии | |
| 283 | |2 RDAcarrier | ||
| 320 | |a Список использованных источников: 4 назв. | ||
| 330 | |a В исследовательской работе произведена оценка различных аспектов в системе пожарной безопасности в дошкольных учреждениях, а также проверка уже существующих мероприятий по обеспечению пожарной безопасности. Были рассмотрены проблемы, которые могут возникнуть в данной области, а также предложения для их улучшения | ||
| 330 | |a The research paper evaluates various aspects of the fire safety system in preschool institutions, as well as checks existing measures to ensure fire safety. The problems that may arise in this area were considered, as well as suggestions for their improvement | ||
| 336 | |a Текстовый файл | ||
| 463 | 1 | |0 672887 |9 672887 |c Томск |d 2024 |n Изд-во ТПУ |t Прогрессивные технологии и экономика в машиностроении |o сборник трудов XV Всероссийской научно-практической конференции для студентов и учащейся молодежи, г. Юрга, 11–13 апреля 2024 г. |a Солодский, С. А. (специалист в области экологии и безопасности жизнедеятельности ; 1980-) |u conference_tpu-2024-C57.pdf |v С. 86-89 |p 1 файл (5,61 Мб, 263 с.) | |
| 610 | 1 | |a труды учёных ТПУ | |
| 610 | 1 | |a электронный ресурс | |
| 610 | 1 | |a дошкольные детские учреждения | |
| 610 | 1 | |a пожарная безопасность | |
| 610 | 1 | |a анализ | |
| 610 | 1 | |a факторы | |
| 700 | 1 | |a Воробьева |b А. С. | |
| 702 | 1 | |a Луговцова |b Н. Ю. |c специалист в области экологии и безопасности жизнедеятельности |c старший преподаватель Юргинского технологического института (филиала) Томского политехнического университета |f 1983- |g Наталья Юрьевна |4 727 | |
| 712 | 0 | 2 | |a Национальный исследовательский Томский политехнический университет |c (2009- ) |9 26305 |
| 801 | 0 | |a RU |b 63413507 |c 20240613 | |
| 850 | |a 63413507 | ||
| 856 | 4 | |u http://earchive.tpu.ru/handle/11683/80246 |z http://earchive.tpu.ru/handle/11683/80246 | |
| 942 | |c CF | ||